Centros históricos de influência islâmica (Registo nº 635)
[ vista simples ]
| 000 -Etiqueta do registo | |
|---|---|
| Cabeçalho | 01086cam a2200325 4500 |
| 005 - Identificador da versão | |
| Campo de controlo | 20240813121808.0 |
| 021 ## - Número do Depósito Legal | |
| Código do país | PT |
| Número | 172150/01 |
| 035 ## - Other System Control Numbers | |
| System Control Number | 0000663 |
| System Control Number | 0000659 |
| System Control Number | 0000659 |
| System Control Number | 0000647 |
| 100 ## - Dados gerais de processamento | |
| Dados gerais de processamento | 20020702d2001 kemy0pory5003 ba |
| 102 ## - Pais de publicação ou produção | |
| País de publicação | Portugal |
| 101 0# - Língua de publicação | |
| Língua do texto, banda sonora, etc. | Português |
| 106 ## - Campo de dados codificados: material textual | |
| Dados codificados do material textual | r |
| 105 ## - Campo de dados codificados: livros | |
| Dados codificados dos livros | a z 001yy |
| 215 ## - Descrição física | |
| Indicação específica da natureza do documento e extensão da espécie | 55, [3] p. |
| Outras indicações físicas | il. |
| Dimensões | 23 cm |
| Material acompanhante | 4 f. desdobr. em bolsa resguard. |
| 200 1# - Titulo e menção de responsabilidade | |
| Título próprio | Centros históricos de influência islâmica |
| Informação de outro título | Tavira, Faro, Loulé, Silves |
| Primeira menção de responsabilidade | [ed.] Instituto de Cultura Íbero-Atlântica |
| Outras menções de responsabilidade | coord. Valdemar Coutinho |
| 210 ## - Publicação, Distribuição, etc. | |
| Lugar da edição, distribuição, etc. | Portimão |
| Nome do editor, distribuidor, etc. | I.C.I.-A. |
| Data da publicação, distribuição, etc. | 2001 |
| 606 ## - Nome comum usado como assunto | |
| Número de registo de entrada de autoridade | 0000798 |
| Palavra de ordem | Civilização árabe |
| Subdivisão geográfica | Península Ibérica (Sul) |
| 675 ## - Classificação Decimal Universal (CDU) | |
| Notação | 930.85((=411.21)(469.6) |
| Notação | 930.85(=411.21)(469+460) |
| Notação | 94(469.6) |
| 607 ## - Nome geográfico usado como assunto | |
| Número de registo de entrada de autoridade | 0000799 |
| Palavra de ordem | Algarve (Portugal) |
| Subdivisão de assunto | Influêmcias da civilização árabe |
| 702 #1 - Nome de autor-pessoa física (responsabilidade secundária) | |
| Número de registo de entrada de autoridade | 0000792 |
| Palavra de ordem | Coutinho |
| Outra parte do nome não tomada para palavra de ordem | Valdemar |
| Código de função | Editor literário / Coordenador |
| 712 02 - Nome de colectividade-autor (responsabilidade secundária) | |
| Número de registo de entrada de autoridade | 0000764 |
| Palavra de ordem | Instituto de Cultura Ibero-Atlântica |
| Código de função | Editor literário / Coordenador |
| 942 ## - Elementos de entrada adicionados (Koha) | |
| Tipo de item no Koha | Livro |
| Situação do levantamento | Origin of item (home branch) (coded) | Biblioteca de empréstimo | Código de barras | Cota | Circulation type (not for loan) | Tipo de documento | Nota do exemplar | Damaged status |
|---|---|---|---|---|---|---|---|---|
| Biblioteca Escolar Eng. Nuno Mergulhão | Biblioteca Escolar Eng. Nuno Mergulhão | BENM327 | 9PT COU | Livro | Sem mensagem | |||
| Biblioteca Escolar Eng. Nuno Mergulhão | Biblioteca Escolar Eng. Nuno Mergulhão | BENM328 | 9PT COU | Livro | Sem mensagem |
